000 01651nam a2200445 i 4500
001 13964
003 KOSZ 005
005 20201103115001.0
008 071015s1971 pl a f 001 0 pol
015 _aPB 1971/9823
040 _aWA N
_cWA N
_dKOSZ 005/RW
041 1 _apol
_hrus
080 _a66
080 _a621.317
080 _a543.2
100 1 _aDenisov, Sergej Sergeevič.
_eAutor
245 1 0 _aElektroniczne przyrządy kontrolno-pomiarowe w przemyśle chemicznym /
_cS. S. Denisow ; tłumaczenie z rosyjskiego Henryk Błasiński.
246 1 _iTytuł oryginału:
_aÈlektronnye pribory kontrolâ i avtomatizacji v neftânoj promyšlennosti,
_f1967.
260 _aWarszawa :
_bWydawnictwa Naukowo-Techniczne,
_c1971.
300 _a312, [4] stron :
_bilustracje ;
_c25 cm.
336 _aTekst
_btxt
_2rdacontent
337 _aBez urządzenia pośredniczącego
_bn
_2rdamedia
338 _aWolumin
_bnc
_2rdacarrier
380 _aKsiążki.
490 1 _aInżynieria Chemiczna.
504 _aBibliografia na stronie [305]. Indeks.
658 _aChemia
658 _aInżynieria i technika
650 4 _aElektronika
650 4 _aPomiary
650 4 _aUrządzenia
650 4 _aTechnologia chemiczna
650 4 _aPrzyrządy pomiarowe
650 4 _aPrzemysł chemiczny
710 2 _aWydawnictwa Naukowo-Techniczne
_4pbl.
700 1 _aBłasiński, Henryk
_d(1915-1995)
_eTłumaczenie
856 _uhttp://koha.tu.koszalin.pl/cgi-bin/koha/opac-detail.pl?biblionumber=13964
_yKatalog online BPK
830 0 _aInżynieria Chemiczna
942 _2UKD
_cKS
999 _c13964
_d13964